|
|
|
|
| LEADER |
00806nam a22002531 4500 |
| 001 |
845 |
| 003 |
BD-DhAAL |
| 005 |
20150919121326.0 |
| 008 |
150919s1961 mau 000 0 eng |
| 010 |
|
|
|a 61003378
|
| 040 |
|
|
|a DLC
|c TxWB
|d OCoLC
|d DLC
|d BD-DhAAL
|
| 050 |
0 |
0 |
|a PN3491
|b .B8
|
| 082 |
|
|
|a 808.3
|
| 100 |
1 |
|
|a Buckler, William Earl,
|d 1924-
|9 14815
|
| 245 |
1 |
0 |
|a Novels in the making.
|
| 260 |
|
|
|a Boston,
|b Houghton Mifflin
|c [1961]
|
| 300 |
|
|
|a 266 p. ;
|c 21 cm.
|
| 490 |
0 |
|
|a Literature in the making
|
| 541 |
|
|
|e 845
|
| 650 |
|
0 |
|a Fiction
|x History and criticism.
|9 14816
|
| 650 |
|
0 |
|a Fiction
|x Technique.
|9 13652
|
| 942 |
|
|
|2 ddc
|c BK
|
| 999 |
|
|
|c 35600
|d 35600
|
| 952 |
|
|
|0 0
|1 0
|2 ddc
|4 0
|6 808_300000000000000_BUC
|7 0
|9 55984
|a SCL
|b SCL
|c GEN
|d 2015-09-19
|l 0
|o 808.3 BUC
|p 3020000845
|r 2015-09-19
|t 1
|w 2015-09-19
|y BK
|